| 000 | 00394nam a2200145 a 4500 | ||
|---|---|---|---|
| 005 | 20140412111220.0 | ||
| 008 | 001115s19uu xx 00 eng d | ||
| 020 | _a0-590-42057-7 | ||
| 050 |
_aTR(PS E _bSe1 |
||
| 100 | _aMahy, Margaret | ||
| 245 |
_aThe Seven Chinese Brothers / _cMargaret Mahy. |
||
| 260 |
_aNew York : _bScholastic, _c1990. |
||
| 440 | _aA blue ribbon book | ||
| 999 |
_c101897 _d101897 |
||